F03_小学校社会科の教科書に登場する歴史上の人物 - Statistics

General Stats
  • This quiz has been taken 122 times
  • The average score is 40 of 85
Answer Stats
登場回数 人物名 % Correct
45 織田信長
98%
19 徳川家康
98%
37 豊臣秀吉
96%
7 卑弥呼
96%
20 聖徳太子
92%
24 源頼朝
91%
1 足利尊氏
90%
8 足利義満
90%
15 徳川家光
88%
1 徳川慶喜
88%
4 伊藤博文
86%
8 藤原道長
84%
6 西郷隆盛
82%
12 源義経
82%
4 北条政子
81%
8 平清盛
79%
3 坂本龍馬
74%
6 中臣鎌足
74%
10 マシュー・ペリー
74%
9 大久保利通
73%
19 聖武天皇
68%
3 清少納言
68%
3 紫式部
67%
9 中大兄皇子
64%
10 鑑真
63%
2 大隈重信
62%
5 フランシスコ・ザビエル
62%
5 木戸孝允
60%
2 北条時宗
59%
1 蘇我入鹿
56%
3 勝海舟
55%
3 福沢諭吉
55%
6 行基
54%
6 板垣退助
53%
4 徳川秀忠
53%
5 野口英世
53%
6 明智光秀
52%
2 樋口一葉
48%
2 小野妹子
47%
7 伊能忠敬
45%
6 歌川広重
45%
7 杉田玄白
45%
2 天智天皇
44%
2 夏目漱石
44%
1 葛飾北斎
43%
7 小村寿太郎
43%
4 津田梅子
43%
1 石田三成
41%
10 雪舟
41%
3 近松門左衛門
41%
2 北里柴三郎
40%
4 陸奥宗光
40%
8 大塩平八郎
38%
10 本居宣長
36%
1 アドルフ・ヒトラー
34%
4 与謝野晶子
34%
1 平塚らいてう
33%
1 後白河天皇
30%
1 世阿弥
26%
1 天草四郎
25%
1 観阿弥
25%
1 徳川家綱
24%
3 新渡戸稲造
24%
2 紀貫之
21%
5 ヤマトタケルノミコト
20%
33 イエス・キリスト
19%
4 ワカタケル
18%
1 安徳天皇
16%
4 仁徳天皇
16%
3 田中正造
15%
1 アンネ・フランク
14%
2 前野良沢
14%
2 市川房枝
13%
1 正岡子規
13%
1 志賀潔
12%
6 竹崎季長
9%
1 乃木希典
9%
1 山上憶良
9%
1 孔子
8%
4 源義家
8%
1 アルフレッド・ノーベル
5%
1 エドゥアール・マネ
5%
2 フィンセント・ファン・ゴッホ
4%
1 文武天皇
4%
1 大内政弘
2%
No matching quizzes found
Score Distribution
Percent of People with Each Score
Percentile by Number Answered
Your Score History
You have not taken this quiz